000 00500nam a2200169Ia 4500
008 220531s9999 xx 000 0 und d
041 _amar
100 _aआवारी वि.
_966515
245 _aराज्‍यशास्‍त्र पाश्‍चमात्‍य राजकीय विचार
250 _a1ST
260 _aPune
_bSuccess
_c2014
300 _a8.2
542 _d07-08-2014
650 _aPolitics
_966516
906 _d2014-2015
_f857
999 _c37583
_d37583